Long words - Carls Spelling Bee Master Words - Statistics

General Stats
  • This quiz has been taken 32 times
    15 since last reset
  • The average score is 31 of 104
Answer Stats
Beginning Answer % Correct
Gastro Gastroenterologist
80%
Hexakos Hexakosioihexekontahexaphobia
80%
Canalic Canaliculodacryocystorhinostomy
70%
Charg Chargoggagoggmanchauggagoggchaubunagungamaugg
70%
Dichlorod Dichlorodiphenyltrichloroethane
70%
Ferriproto Ferriprotoporphyrin
70%
Floccinauc Floccinaucinihilipilification
70%
Hippopoto Hippopotomonstrosesquippedaliophobia / Hippopotomonstrosesquipedaliophobia
70%
Allotrans Allotransplantation
60%
Antixero Antixerophthalmic
60%
Pseudo Pseudopseudohypoparathyroidism
60%
Agatho Agathokakological
50%
Antidis Antidisestablishmentarianism
50%
Autothaum Autothaumaturgist
50%
Butyryl Butyrylcholinesteraseinhibitor
50%
Deoxyr Deoxyribonucleotide
50%
Dextrodeo Dextrodeorsumversion
50%
Eellogo Eellogofusciouhipoppokunurious
50%
Hetero Heterogeneousnesses
50%
Oligon Oligonucleotide
50%
Pneumono Pneumonoultramicroscopicsilicovolcanoconiosis
50%
Polyphilo Polyphiloprogenitive
50%
Super Supercalifragilisticexpialidocious
50%
Aequeo Aequeosalinocalcalinoceraceoaluminosocupreovitriolic
40%
Crystall Crystalloluminescence
40%
Hemato Hematospectrophotometrically
40%
Hemidemi Hemidemisemiquaver
40%
Incom Incomprehensibilities
40%
Knick Knickknackatory
40%
Lymphan Lymphangioleiomyomatosis
40%
Otorh Otorhinolaryngologists
40%
Pseudor Pseudorhombicuboctahedron
40%
Psychone Psychoneuroimmunology
40%
Radioimm Radioimmunoelectrophoresis
40%
Xyloty Xylotypographic
40%
Anthropo Anthropomorphism
30%
Antitrans Antitransubstantiationalist
30%
Argentum Argentummagnumsecundumspeedster
30%
Bababadal Bababadalgharaghtakamminarronnkonnbronntonnerronntuonnthunntrovarrhounawnskawntoohoohoordenenthurnuk
30%
Chole Cholecystoduodenostomy
30%
Counter Counterrevolutionaries
30%
Cyclopen Cyclopentanoperhydrophenanthrene
30%
Dichloro Dichlorodifluoromethanes
30%
Electro Electroencephalography
30%
Gastroent Gastroenterohepatologists
30%
Glutathi Glutathioneperoxidase
30%
Hebdome Hebdomekontahaheptaheksaphobia
30%
Hepatospl Hepatosplenomegaloviruses
30%
Hexamet Hexamethylenetetramine
30%
Hydroch Hydrochlorofluorocarbons
30%
Hyperlipo Hyperlipoproteinemia
30%
Laryngo Laryngotracheobronchitis
30%
Llanfair Llanfairpwllgwyngyllgogerychwyrndrobwllllantysiliogogogoch
30%
Oligo Oligosaccharide
30%
Parallelo Parallelogrammatic
30%
Psychon Psychoneuroendocrinological
30%
Quasur Quasurhombicosidodecahedron
30%
Snubi Snubicosidodecahedron
30%
Thyro Thyroparathyroidectomized
30%
Triskai Triskaidekaphobia
30%
Aekyung Aekyungjanggokgoeulbeoljipjangtteokbatbongnalgaranggakjibeollimun
20%
Bundesau Bundesausbildungsforderungsgesetz
20%
Counterd Counterdemonstrationalists
20%
Cyclotri Cyclotrimethylenetrinitramine
20%
Deoxy Deoxyribonucleoproteinologically
20%
Dimethy Dimethylamidophenyldimethylpyrazolone
20%
Discom Discombobulate
20%
Esophag Esophagogastroduodenoscopy
20%
Graata Graatagoldadusudexichime
20%
Honorifi Honorificabilitudinitatibus
20%
Hypermet Hypermetachromatophotometrically
20%
Neuropsy Neuropsychopharmacology
20%
Phanta Phantasmagoria
20%
Phospha Phosphatidylethanolamine
20%
Quinquag Quinquagintaquadringentilliard
20%
Reticulo Reticuloendothelial
20%
Rindfleisch Rindfleischetikettierungsuberwachungsaufgabenubertragungsgesetz
20%
Taumata Taumatawhakatangihangakoauauotamateaturipukakapikimaungahoronukupokaiwhenuakitanatahu
20%
Counteri Counterintuitive
10%
Ethylene Ethylenediamenetetraacetic
10%
Immunoel Immunoelectrophoretically
10%
Magneto Magnetohydrodynamic
10%
Methionyl Methionylthreonylthreonylglutaminylarginyltyrosylglutamylserylleucylphenylalanylalanylglutaminylleuc
10%
Mulliga Mulligatawny
10%
Novenona Novenonagintanongentillion
10%
Parallelo Parallelogrammatique
10%
Psychone Psychoneuroimmunomodulation
10%
Quinqua Quinquagintaquadrigintillion
10%
Reconna Reconnaissance
10%
Schade Schadenfreude
10%
Spectrop Spectrophotofluorometrically
10%
Tetra Tetrachlorodibenzodioxin
10%
Tetrahyd Tetrahydrocannabinol
10%
Thalamo Thalamocorticostriatal
10%
Ultramic Ultramicrospectrophotofluorometrically
10%
Zygomat Zygomaticoauricularis
10%
Hippopot Hippopotamoglossus
0%
Juris Jurisprudentially
0%
Lopado Lopadotemachoselachogaleokranioleipsanodrimhysphirrhonmilodendron
0%
Phospho Phosphophorylations
0%
Sulfa Sulfamethoxydiazine
0%
Thyrocalc Thyrocalcitoninopathies
0%
Tridime Tridimensionalistically
0%
Trinitro Trinitrophenylmethylnitramine
0%
No matching quizzes found
Score Distribution
Percent of People with Each Score
Percentile by Number Answered
Your Score History
You have not taken this quiz since the last reset